| 000 | 00698nam a2200193Ii 4500 | ||
|---|---|---|---|
| 003 | JO-AjNU | ||
| 008 | 230605s9999||||xx |||||||||||||| ||und|| | ||
| 040 |
_aJO-AjNU _bara _erda _cJO-AjNU |
||
| 041 | _aara | ||
| 050 | 1 | 4 | _aHG1607.A7.S58 1981 |
| 100 | 3 |
_aتأليف شكري، ماهر, _eauthor _945714 |
|
| 245 | 0 | 0 | _aدراسات تطبيقية في العمليات المصرفية الخارجية |
| 264 | 3 | 1 | _aعمان: د.ن، 1981 |
| 300 |
_a332ص _bيحتوي على ببلوغرافية من 329-332ص |
||
| 336 |
_atext _btxt _2rdacontent |
||
| 337 |
_aunmediated _bn _2rdamedia |
||
| 338 |
_avolume _bnc _2rdacarrier |
||
| 650 | 4 |
_aادارة بنوك- تنظيم وادارة _945715 |
|
| 999 |
_aA19836 _c23404 _d23404 |
||